| 000 | 00691nam a2200241Ia 4500 | ||
|---|---|---|---|
| 003 | OSt | ||
| 005 | 20260124101654.0 | ||
| 008 | 210210b1955 xxu||||| |||| 00| 0 eng d | ||
| 040 | _cAL | ||
| 041 | _aKannada | ||
| 082 | _a858/49 | ||
| 100 |
_aGIBRAN KAHLIL _dಗಿಬ್ರಾನ್ ಕಹ್ಲಿಲ್ _9252566 |
||
| 245 |
_aManavaputra Jesus _bಮಾನವಪುತ್ರ ಜೀಸಸ್ |
||
| 260 |
_aBengaLUru _b- _c1955 |
||
| 650 |
_aMAnavaputra _9252567 |
||
| 650 |
_ajIjas _9252568 |
||
| 650 |
_adEvadatta _9252569 |
||
| 650 |
_aby _9252570 |
||
| 690 |
_aBiography _9252571 |
||
| 700 |
_aDevadatta _d ದೇವದತ್ತ _9252572 |
||
| 906 | _a020593 | ||
| 942 |
_2ddc _cBK |
||
| 999 |
_c144743 _d144743 |
||